Central Library OPAC University of Rajshahi

science of politics : (Record no. 35821)

MARC details
000 -LEADER
fixed length control field 00873cam a2200253 a 4500
001 - CONTROL NUMBER
control field 35821
003 - CONTROL NUMBER IDENTIFIER
rucl marc code BD-RjUL
005 - DATE AND TIME OF LATEST TRANSACTION
control field 20211209052403.0
008 - FIXED-LENGTH DATA ELEMENTS--GENERAL INFORMATION
fixed length control field 140609s19651952e b 001 0 eng d
035 ## - SYSTEM CONTROL NUMBER
System control number (BD-RjUL)35916
040 ## - CATALOGING SOURCE
Original cataloging agency DLC
Transcribing agency MOD
Modifying agency m.c
-- OCL
-- YNG
-- BD-RjUL
Language of cataloging eng
041 ## - LANGUAGE CODE
Language code of text/sound track or separate title eng
082 ## - DEWEY DECIMAL CLASSIFICATION NUMBER
Classification number 320
Author mark and year VON 1950
100 1# - MAIN ENTRY--PERSONAL NAME
Personal name Voegelin, Eric
Dates associated with a name 1901-1985.
9 (RLIN) 94064
245 14 - TITLE STATEMENT
Title science of politics :
260 ## - PUBLICATION, DISTRIBUTION, ETC. (IMPRINT)
Place of publication, distribution, etc. Chicago :
Name of publisher, distributor, etc. University of Chicago Press,
Date of publication, distribution, etc. 1932 [Impression 1950].
300 ## - PHYSICAL DESCRIPTION
Pagination xiii, 231 p. ;
Size 22 cm
504 ## - BIBLIOGRAPHY, ETC. NOTE
Bibliography, etc Includes index and Bibliographical footnotes.
650 #0 - SUBJECT ADDED ENTRY--TOPICAL TERM
Topical term or geographic name as entry element Political science
9 (RLIN) 109096
Topical term or geographic name as entry element Representative government and representation
9 (RLIN) 6507
710 2# - ADDED ENTRY--CORPORATE NAME
Corporate name or jurisdiction name as entry element Charles R. Walgreen Foundation for the Study of American Institutions.
9 (RLIN) 109097
830 #0 - SERIES ADDED ENTRY--UNIFORM TITLE
Uniform title Charles R. Walgreen Foundation lectures
942 ## - ADDED ENTRY ELEMENTS (KOHA)
Source of classification or shelving scheme Dewey Decimal Classification
Koha item type Books
Holdings
Lost status Source of classification or shelving scheme Damaged status Not for loan Collection code Permanent Location Current Location Shelving location Date acquired Source of acquisition Cost, normal purchase price Total Checkouts Full call number Date last seen Copy number Koha item type
  Dewey Decimal Classification     Non-fiction Central Library, University of Rajshahi Central Library, University of Rajshahi   05/06/1969 Zeitlinger 40.00   320 VON 1965 09/06/2014 C-4 Books